Sejarah dakwah

Bibliographic Details
Main Author: Ahmad Redzuwan Mohd Yunus
Format: Book
Published: KL : Utusan Publications & Distributors Sdn Bhd , 2001
Series:Siri Islam dan masyarakat
Subjects:

MARC

LEADER 00000cam a2200000 7i4500
001 0000039390
005 20131223.0
008 131223
020 |a 9676111740 
090 0 0 |a 297.7409   |b AHM 
100 1 |a Ahmad Redzuwan Mohd Yunus 
245 1 0 |a Sejarah dakwah   |c Ahmad Redzuan Mohd Yunus 
260 |a KL :   |b Utusan Publications & Distributors Sdn Bhd ,   |c 2001 
440 |a Siri Islam dan masyarakat 
650 0 |a Da'wah (Islam)   |x History 
650 0 |a Islam   |x Missions   |x History 
999 |a 0000909625   |b Book   |c Adult Collection   |e Cawangan Bandar Tenggara 
999 |a 0001257704   |b Book   |c Adult Collection   |e Perbadanan Perpustakaan Awam Johor